000 00692nam a2200277Ia 4500
005 20260324123535.0
008 008 260324s9999 xx 000 0 eng d
020 _a9780203818794
037 _aEBOOK
040 _aCRL
040 _beng
040 _cCRL
041 _2eng
041 _aeng
084 _qCRL
100 _aKoichi Hamada; Keijiro Otsuka; Gustav Ranis; Ken Togo
_91170695
245 0 _aMiraculous Growth and Stagnation in Post-War Japan
260 _bTaylor and Francis
260 _c2011
365 _a
365 _b240
856 _uhttp://www.taylorfrancis.com/books/9780203818794
942 _cEBOOK
999 _c1764314
_d1764314